Normal view
MARC view
- Nelson, Leonard T
Entry Personal Name
001 - CONTROL NUMBER
- control field: 55537
003 - CONTROL NUMBER IDENTIFIER
- control field: NUST
005 - DATE AND TIME OF LATEST TRANSACTION
- control field: 20210628201510.0
008 - FIXED-LENGTH DATA ELEMENTS
- fixed length control field: 210628|| aca||aabn | a|a d
040 ## - CATALOGING SOURCE
- Original cataloging agency: NUST
- Transcribing agency: NUST
100 ## - HEADING--PERSONAL NAME
- Personal name: Nelson, Leonard T
670 ## - SOURCE DATA FOUND
- Source citation: Work cat.: (NUST): Bennett, Albert B. Nelson, L .Ted 55536, Mathematics for elementary teachers :a conceptual approach, c2001.
